000 01164nam a2200265 a 4500
001 44311
003 BD-RjUL
005 20211209053832.0
008 160616s1988 ii ||||| |||| 00| 0 ben d
020 _a8170740290
035 _a(BD-RjUL) 44429
040 _aBD-RjUL
_bben
_cBD-RjUL
041 _aben
082 _223
_a954.023
_bCHM 1988
100 _aচন্দ্র, সতীশ
_9122907
245 1 0 _aমুঘল দরবারে দল ও রাজনীতি ১৭০৭-১৭৪০ /
_cসতীশ চন্দ্র
250 _a২য় পরিমার্জিত সং
260 _aকলকাতা :
_bকে পি বাগচী,
_c১৯৮৮
300 _axv, ৩৩৮ পৃ. ;
_c২১ সেমি
650 _aমুঘল ইতিহাস
_zভারত
_9122908
_y১৭০৭-১৭৪০
650 _a Mogul Empire
_9122909
_y1707-1740
_zIndia
700 _aবন্দ্যোপাধ্যায়, চন্দ্রিকাপ্রসাদ, অনুবাদক
_9136014
700 _aচক্রবর্তী, হিমাচল, সম্পাদক
_9136015
942 _2ddc
_cBK
999 _c44311
_d44311